| 000 | 01353nam a2200229Ii 4500 | ||
|---|---|---|---|
| 003 | JO-AjNU | ||
| 005 | 20240623124546.0 | ||
| 008 | 230605s9999||||xx |||||||||||||| ||und|| | ||
| 040 |
_aJO-AjNU _bara _erda _cJO-AjNU |
||
| 041 | _aara | ||
| 100 | 1 |
_aالعبد، رنا ابو بكر _964681 _eمعد |
|
| 245 | 0 | 0 |
_aقدرة المدقق الداخلي على تدقيق تظم المعلومات المحاسبية في ظل التجارة الإلكترونية في البنوك التجارية الأردنية= the Ability of internal auditor in auditing the accounting information systems the electronic commerce in Jordanian commercial banks / _cاعداد رنا ابو بكر العبد ؛ اشراف عبير فايز الخوري |
| 260 | _c2009 | ||
| 300 | _a156ورقة | ||
| 336 |
_atext _btxt _2rdacontent |
||
| 337 |
_aunmediated _bn _2rdamedia |
||
| 338 |
_avolume _bnc _2rdacarrier |
||
| 504 | _aرسالة جامعية (ماجستير).- جامعة اليرموك (إربد، الأردن) ، كلية الاقتصاد والعلوم الإدارية، قسم المحاسبة، 2009. ببليوجرافيا : ص. 137-145. ملاحق. | ||
| 650 | 7 | 0 |
_aالبنوك - المحاسبة - التجارة الالكترونية - الاردن _964682 |
| 700 | 1 |
_aالخوري، عبير فايز _964683 _eمشرف |
|
| 942 |
_2lcc _cTHS |
||
| 999 |
_c33058 _d33058 |
||